Parental acceptance of silver diamine fluoride.. (Record no. 25611)

MARC details
000 -LEADER
fixed length control field 00373nam a22001457a 4500
003 - CONTROL NUMBER IDENTIFIER
control field SGT
082 ## - DEWEY DECIMAL CLASSIFICATION NUMBER
Classification number 617.645
Item number C23K
100 ## - MAIN ENTRY--PERSONAL NAME
Personal name Khumukcham, Tabita
245 ## - TITLE STATEMENT
Title Parental acceptance of silver diamine fluoride..
260 ## - PUBLICATION, DISTRIBUTION, ETC. (IMPRINT)
Place of publication, distribution, etc Gurugram, Haryana
Name of publisher, distributor, etc SGT University
Year of Publication 2023
300 ## - PAGE DESCRIPTION
No. of Pages 48
650 ## - SUBJECT ADDED ENTRY--TOPICAL TERM
Topical term or geographic name as entry element Pediatric Dentistry
653 ## - KEYWORDS--INDEX TERM
Keyword term Pediatric Dentistry
942 ## - ADDED ENTRY ELEMENTS (KOHA)
Source of classification or shelving scheme Dewey Decimal Classification
Koha item type Thesis/Dissertation
Holdings
Withdrawn status Lost status Source of classification or shelving scheme Damaged status Not for loan Home library Current library Date acquired SGTU Total Checkouts Full call number Accession No. (Barcode) Date last seen Bill Date Koha item type
    Dewey Decimal Classification   Not For Loan SGT Dental Library SGT Dental Library 15/01/2024 SGTU   617.645 C23K DT1762 15/01/2024 15/01/2024 Thesis/Dissertation